书目信息 |
| 题名: |
新编大学英语四级考试高分突破(词汇·语法)
|
|
| 作者: | 孙亦丽 主编 | |
| 分册: | ||
| 出版信息: | 北京 科学技术文献出版社 2000.05 |
|
| 页数: | 302页 | |
| 开本: | 32开 | |
| 丛书名: | ||
| 单 册: | ||
| 中图分类: | H310.42 | |
| 科图分类: | ||
| 主题词: | 英语 | |
| 电子资源: | ||
| ISBN: | 7-5023-3159-X | |
| 000 | 00616nam0 2200193 45 | |
| 001 | 0010091587 | |
| 005 | 20001009170615.3 | |
| 010 | @a7-5023-3159-X@d9.50元 | |
| 100 | @a20001009d2000 km y0chiy0120 ea | |
| 101 | 0 | @achi |
| 105 | @a z 000yy | |
| 200 | 1 | @a新编大学英语四级考试高分突破(词汇·语法)@AXin Bian Da Xue Ying Yu Si Ji Kao Shi Gao Fen Tu Po(Ci Hui·Yu Fa)@f孙亦丽主编@FSun Yi Li Zhu Bian |
| 210 | @a北京@c科学技术文献出版社@d2000.05 | |
| 215 | @a302页@d32开 | |
| 606 | 0 | @a英语 |
| 690 | @aH310.42@v3 | |
| 701 | 0 | @a孙亦丽@4主编 |
| 801 | @aCN@bPftUser@c20001009 | |
| 905 | @dH310.42@eS465/2@b173647-651@f5 | |
| 新编大学英语四级考试高分突破(词汇·语法)/孙亦丽主编.-北京:科学技术文献出版社,2000.05 |
| 302页;32开 |
| ISBN 7-5023-3159-X:9.50元 |
| ● |
| 相关链接 |
|
|
|
正题名:新编大学英语四级考试高分突破(词汇·语法)
索取号:H310.42/S465/2
 
预约/预借
| 序号 | 登录号 | 条形码 | 馆藏地/架位号 | 状态 | 备注 |
| 1 | 173647 | 201736470 | 社科二线400B/400B社科库 8排3列4层/ [索取号:H310.42/S465/2] | 在馆 | |
| 2 | 173648 | 201736489 | 社科二线400B/400B社科库 8排3列4层/ [索取号:H310.42/S465/2] | 在馆 | |
| 3 | 173649 | 201736498 | 语言库209/ [索取号:H310.42/S465/2] | 在馆 | |
| 4 | 173650 | 201736504 | 语言库209/ [索取号:H310.42/S465/2] | 在馆 | |
| 5 | 173651 | 201736513 | 语言库209/ [索取号:H310.42/S465/2] | 在馆 |